| 000 | 01027nam2a22002291 4500 | ||
|---|---|---|---|
| 001 | rc\1083405 | ||
| 005 | 20250622191720.0 | ||
| 035 | _a(NLR Aleph) 006376331 | ||
| 090 |
_a5044393 _c5044393 |
||
| 100 | _a20041126d1983 |||y0rusy50 ca | ||
| 101 | 0 | _arus | |
| 102 | _aRU | ||
| 105 | _ay ||||||||| | ||
| 200 | 0 | _aЧ. 2 | |
| 210 |
_d1983 _aБ. м. |
||
| 215 | _a101 с. | ||
| 461 | 0 |
_1001rc\1083404 _12001#$aИзобретения, созданные в БССР$eБиблиогр. указ. по данным 1980 г.$fБелорус. НИИ НТИ и техн.-экон. исслед., Респ. науч.-техн. б-ка$vЧ. 2 _95044387 _cМинск _d1983- _fБелорус. НИИ НТИ и техн.-экон. исслед., Респ. науч.-техн. б-ка _nБелНИИНТИ _oБиблиогр. указ. по данным 1980 г. _tИзобретения, созданные в БССР _vЧ. 2 |
|
| 801 | 0 |
_aRU _bNLR _gpsbo |
|
| 801 | 1 |
_aRU _bELAR _2rusmarc |
|
| 852 |
_aNLR _bПт _j10.23/87 |
||
| 942 | _cBOOK | ||
| 980 | _aNB | ||